| 000 | 00639nam a22001937a 4500 | ||
|---|---|---|---|
| 003 | OSt | ||
| 005 | 20180116183031.0 | ||
| 008 | 151221b xxu||||| |||| 00| 0 eng d | ||
| 020 | _a05-715-2004-1 | ||
| 024 | _205-715-2004-1 | ||
| 040 | _cLahore LUMS | ||
| 082 | _a174.4 LUM 2004 | ||
| 100 | _aKhanum B, Qureshi Z I | ||
| 245 |
_aDIARY OF A SOCIAL MOBILIZER: GOING DOWN THE LADDER (B) _cKhanum B, Qureshi Z I |
||
| 260 |
_a Lahore University of Management Sciences _bLahore University of Management Sciences _c2004 |
||
| 300 |
_a02 p. _bPaper |
||
| 440 | _aDIARY OF A SOCIAL MOBILIZER: GOING DOWN THE LADDER (B) | ||
| 942 |
_2ddc _cCS |
||
| 999 |
_c351028 _d351028 |
||